[Event "Challenge"]
[Site "http://www.queenalice.com/game.php?id=701497"]
[Date "2009.12.21"]
[Round "-"]
[White "colatina"]
[Black "lcameroon"]
[Result "0-1"]
[WhiteElo "1080"]
[BlackElo "1100"]

1. Nf3 Nf6 2. d4 g6 3. Nc3 d5 4. Ne5 Ne4 5. Nxe4 dxe4 6. f3 f6 7. Nc4 Nc6 8. c3
exf3 9. exf3 e5 10. Be3 exd4 11. cxd4 Be6 12. h4 Qd7 13. Qd2 Bb4 14. Qxb4 Nxb4
15. O-O-O Qa4 16. a3 Qc2# 0-1

[Event "Challenge"]
[Site "http://www.queenalice.com/game.php?id=706447"]
[Date "2009.12.31"]
[Round "-"]
[White "pj"]
[Black "lcameroon"]
[Result "0-1"]
[WhiteElo "1327"]
[BlackElo "1602"]

1. e4 e6 2. Nf3 c5 3. Ne5 Nf6 4. Qf3 Bd6 5. Nc4 Bc7 6. d3 Nc6 7. Qg3 Bxg3 8.
hxg3 d5 9. exd5 exd5 10. Ne3 d4 11. Nc4 Qe7+ 12. Be2 O-O 13. Nba3 Re8 14. Bf4
Qxe2# 0-1

[Event "Challenge"]
[Site "http://www.queenalice.com/game.php?id=716229"]
[Date "2010.1.19"]
[Round "-"]
[White "arkadiusz42"]
[Black "lcameroon"]
[Result "0-1"]
[WhiteElo "1600"]
[BlackElo "1635"]

1. e4 c6 2. Qf3 e5 3. Bc4 Nf6 4. Nh3 d5 5. exd5 cxd5 6. Bb3 Be7 7. Nc3 Bg4 8.
Ba4+ Nbd7 9. Qd3 O-O 10. Ng5 Bc5 11. Nxd5 e4 12. Qc4 Bxf2+ 13. Kxf2 Ne5 14.
Nxf6+ Qxf6+ 15. Kg1 Qb6+ 16. d4 Nxc4 17. c3 e3 18. b3 e2 19. Kf2 Qf6+ 20. Ke1
Nb6 21. h3 Nd5 22. hxg4 Nxc3 23. Nf3 Qd6 24. Bd2 Qg3# 0-1

[Event "Challenge"]
[Site "http://www.queenalice.com/game.php?id=723000"]
[Date "2010.1.30"]
[Round "-"]
[White "Andrei_78"]
[Black "lcameroon"]
[Result "1-0"]
[WhiteElo "1643"]
[BlackElo "1638"]

1. e4 e6 2. Nf3 c5 3. c4 Nc6 4. a3 Nf6 5. Bd3 Be7 6. O-O d6 7. h3 O-O 8. Re1 Nd4
9. Nxd4 cxd4 10. e5 dxe5 11. Qc2 Qc7 12. Bxh7+ Nxh7 13. d3 1-0

[Event "Dama é + legal"]
[Site "http://www.queenalice.com/game.php?id=725095"]
[Date "2010.2.3"]
[Round "1"]
[White "lcameroon"]
[Black "manzan"]
[Result "0-1"]
[WhiteElo "1686"]
[BlackElo "1739"]

1. e4 c5 2. Nc3 Nc6 3. d3 d6 4. Be3 Ne5 5. d4 cxd4 6. Qxd4 Qc7 7. Bb5+ Bd7 8.
O-O-O a6 9. Nd5 Qa5 10. Bxd7+ Nxd7 11. Qc4 Ne5 12. Nc7+ Kd7 13. Qd4 Qxc7 14. Bf4
Rc8 15. Qd2 Nc4 16. Qd3 Qc5 17. b3 Qa3+ 18. Kb1 Qb2# 0-1

[Event "Challenge"]
[Site "http://www.queenalice.com/game.php?id=725512"]
[Date "2010.2.3"]
[Round "-"]
[White "montelo"]
[Black "lcameroon"]
[Result "1-0"]
[WhiteElo "2089"]
[BlackElo "1643"]

1. e4 e6 2. Nc3 d5 3. Qf3 d4 4. Nce2 Nc6 5. Nh3 h6 6. d3 Ne5 7. Qg3 Bb4+ 8. c3
dxc3 9. bxc3 Nxd3+ 10. Kd2 Nxf2+ 11. Nd4 Nxh1 12. Qxg7 Qxd4+ 13. Qxd4 Bd7 14.
Qxh8 O-O-O 15. cxb4 Bb5+ 16. Ke3 Bxf1 17. Nf4 Nf2 18. Kxf2 f5 19. Kxf1 fxe4 20.
Nxe6 Re8 21. Qe5 Re7 22. Qxe4 Nf6 23. Qf5 1-0

[Event "Challenge"]
[Site "http://www.queenalice.com/game.php?id=731403"]
[Date "2010.2.13"]
[Round "-"]
[White "cyrillt"]
[Black "lcameroon"]
[Result "1/2-1/2"]
[WhiteElo "1744"]
[BlackElo "1622"]

1. e4 e6 2. d4 d5 3. e5 c5 4. Be3 cxd4 5. Bxd4 Nc6 6. Bb5 Bd7 7. a4 Nxd4 8. Qxd4
Qg5 9. Ne2 Qxg2 10. Ng3 Bxb5 11. axb5 b6 12. Nc3 Bc5 13. Qf4 Ne7 14. O-O-O Ng6
15. Qa4 Bxf2 16. Nge2 Be3+ 17. Kb1 O-O 18. Rhe1 Qxh2 19. Rh1 Qxe5 20. Rh3 Rfd8
21. Rdh1 d4 22. Nd1 Bh6 23. R1h2 Nf4 24. Nxf4 Qxf4 25. Rh4 Qc1+ 26. Ka2 Qxd1 27.
Rh1 Qd2 28. Rg1 Rac8 29. Rh3 Rxc2 30. Rb3 Qf2 31. Qxa7 Qxg1 32. Qxb6 Re8 33. Ra3
Rxb2+ 34. Kxb2 Qc1+ 35. Ka2 Qc2+ 36. Ka1 Qc1+ 37. Ka2 Qc2+ 38. Ka1 Qc1+ 39. Ka2
Qc2+ 40. Ka1 1/2-1/2

[Event "Challenge"]
[Site "http://www.queenalice.com/game.php?id=733930"]
[Date "2010.2.18"]
[Round "-"]
[White "montelo"]
[Black "lcameroon"]
[Result "0-1"]
[WhiteElo "2108"]
[BlackElo "1613"]

1. e4 e5 2. Qh5 Nc6 3. Bb5 Nf6 4. Qf3 Nd4 5. Qd3 Bc5 6. c3 Nxb5 7. Qxb5 Nxe4 8.
Nh3 c6 9. Qc4 d5 10. Qe2 Bxh3 11. gxh3 Bxf2+ 12. Kf1 Bh4 13. d4 exd4 14. cxd4
Qf6+ 15. Kg2 Qxd4 16. Rf1 O-O 17. Qg4 Bg5 18. Bxg5 Qxb2+ 19. Nd2 Nxd2 20. Bxd2
Qxd2+ 21. Rf2 Qe3 22. Qd7 Rab8 23. Raf1 Qe4+ 24. Kg1 Qe6 25. Qc7 Qe3 26. Qa5
Rbe8 27. Re1 Qxe1+ 28. Qxe1 Rxe1+ 29. Kg2 Rfe8 30. h4 R8e2 31. Kf3 Rxf2+ 32.
Kxf2 Re6 33. Kf3 c5 0-1

[Event "One more time"]
[Site "http://www.queenalice.com/game.php?id=741343"]
[Date "2010.3.5"]
[Round "-"]
[White "cyrillt"]
[Black "lcameroon"]
[Result "0-1"]
[WhiteElo "1759"]
[BlackElo "1616"]

1. e4 e5 2. d4 Nc6 3. d5 Nce7 4. Nc3 d6 5. Bc4 f5 6. Bg5 h6 7. Bh4 fxe4 8. Nxe4
Bf5 9. Qf3 g5 10. Bg3 g4 11. Qa3 Bxe4 12. f3 gxf3 13. Nxf3 Bxc2 14. O-O Bg7 15.
Rac1 Be4 16. Rcd1 Nf6 17. Qa4+ c6 18. dxc6 Bxc6 19. Qb3 Qb6+ 20. Qxb6 axb6 21.
Rxd6 Ne4 22. Nxe5 Nxd6 23. Bf7+ Nxf7 24. Nxf7 Bd4+ 25. Kh1 Rf8 26. Nd6+ Kd7 27.
Rd1 Rxa2 28. h4 Rxb2 29. Rxd4 Bxg2+ 30. Kg1 Rf1+ 31. Kh2 Rh1# 0-1

[Event "Challenge"]
[Site "http://www.queenalice.com/game.php?id=745190"]
[Date "2010.3.12"]
[Round "-"]
[White "DKonishi"]
[Black "lcameroon"]
[Result "1-0"]
[WhiteElo "1609"]
[BlackElo "1639"]

1. e4 e6 2. d4 d5 3. e5 c5 4. c3 Nc6 5. Nf3 Qb6 6. a3 f6 7. b4 cxd4 8. cxd4 fxe5
9. dxe5 Nh6 10. Be3 Qc7 11. Bf4 Ng4 12. Bb5 Qb6 13. Bxc6+ bxc6 14. Qd2 a5 15. h3
Nh6 16. Be3 Qc7 17. bxa5 Rxa5 18. a4 Nf5 19. Ng5 Nxe3 20. fxe3 Bc5 21. O-O Qxe5
22. Qxa5 Bxe3+ 23. Kh1 Qxg5 24. Qc7 Bd7 25. Qb8+ Qd8 26. Qg3 d4 27. Qxg7 Qh4 28.
Qxh8+ Ke7 29. Qf8# 1-0

[Event "Dama é + legal"]
[Site "http://www.queenalice.com/game.php?id=757416"]
[Date "2010.4.7"]
[Round "3"]
[White "lcameroon"]
[Black "tinogomes"]
[Result "1-0"]
[WhiteElo "1614"]
[BlackElo "1654"]

1. e4 e5 2. Nf3 Bc5 3. Nxe5 d5 4. d4 Qf6 5. exd5 Qf5 6. Bb5+ c6 7. dxc6 Nxc6 8.
Nxc6 Qe4+ 9. Qe2 Qxe2+ 10. Kxe2 Bd7 11. dxc5 Bxc6 12. Bxc6+ bxc6 13. Nc3 Nf6 14.
Bg5 O-O 15. Bxf6 Rfe8+ 16. Kf3 gxf6 17. Ne4 Re6 18. b4 a6 19. Nd6 a5 20. a3 axb4
21. axb4 Rxa1 22. Rxa1 Kg7 23. Ra6 Re8 24. Nxe8+ Kf8 25. Nxf6 Kg7 26. Nd7 f6 27.
Rxc6 Kf7 28. Rxf6+ Ke7 29. Rd6 Kd8 30. Nf6+ Kc7 31. Nd5+ Kb7 32. Rb6+ Kc8 33. c6
h5 34. h4 Kd8 35. Rb8# 1-0